000 00519nmm a2200157Ia 4500
008 251105s9999||||xx |||||||||||||||||und||
020 _a9788494802225
041 _aspa
100 _aGonzález Cantero, Amanecer
245 0 _aHistorias de los cuatro reinos. El Báculo Sagrado
264 _a[Madrid, España] :
_bEdiciones Arcanas,
_c[Fecha de publicación no identificada]
300 _a0 páginas
650 _aScience fiction & Fantasy
856 _uhttps://public.digitaliapublishing.com/a/100444
942 _cCF
999 _c89488
_d89488